000 00516nam a22001577a 4500
005 20231123070517.0
008 231123b |||||||| |||| 00| 0 eng d
041 _aEnglish / Afrikaans
082 _a342 HUM
100 _aThe Association of Law Societies
_lEnglish / Afrikaans
245 _aPapers Delivered at the 15th South African Law Conference /
_cThe Association of Law Societies
260 _c1996
300 _c30,3 cm.
650 _aLegal practice
_bLaw
942 _cBK
_6ALISON_BN_VRIES
999 _c868
_d868